| 000 | 00979nam a2200277 c 4500 | ||
|---|---|---|---|
| 003 | BLK | ||
| 005 | 20180413120728.0 | ||
| 008 | 180413b bul|||||r ||||||| ||bul|| | ||
| 010 | _aKNG00025322000 | ||
| 020 |
_a954-437-072-2 _bиздат.: Златорогъ |
||
| 040 | _aBLK | ||
| 041 |
_aBUL _cBUL |
||
| 080 |
_aАмериканска литература (на САЩ) _b821.111(73) _x-312.4 _z821.111(73)-312.4 |
||
| 139 |
_aМарголин, Филип _bМ28 |
||
| 245 | 1 | 0 |
_aВдовицата на погребалния агент _bРоман |
| 257 | _aUSA | ||
| 260 |
_аСофия _bЗлаторогъ _c1998 _fСофия : Балкан прес |
||
| 300 |
_a368 с. _c21 см |
||
| 380 | _aX | ||
| 500 | _aОриг. загл. The undertaкеr's widow / Phillip Margolin ; 3 500 тир. | ||
| 852 | _aЦб 197967 | ||
| 856 | 4 |
_qpdf _u |
|
| 856 | 4 |
_qpdf _u |
|
| 942 |
_cKNG _n0 |
||
| 944 |
_aCR _c15.01.2003 _kAB_DOS |
||
| 944 |
_aED _c08.03.2018 _kГеновева_Генчева |
||
| 999 |
_c22871 _d22871 |
||